000 00638nam a22002057i 4500
003 URS
005 20250429180953.0
008 180829b xxu||||| |||| 00| 0 eng d
040 _erda
_cURS
_bEnglish
050 _aBQV966
_b.B12 1991
100 _aBacani Jr., Teodoro C.,
_eauthor.
245 _aTowards the third millennium - the PCP-II vision /
_cTeodoro C. Bacani, Jr., Bishop, D. D.
264 _a[s.l] :
_b[s.n],
_c©1991.
300 _a89 pages ;
_c20 cm.
336 _atext
_btxt
_2rdacontent
337 _aunmediated
_bn
_2rdamedia
338 _avolume
_bnc
_2rdacarrier
650 0 _aPlenary Council
_zPhilippines.
942 _2lcc
_cF
999 _c10385
_d10385